Welcome to CU Library Online Public Access Catalogue (OPAC)

HUMAN RESOURCE MANAGEMENT (Record no. 8696)

MARC details
000 -LEADER
fixed length control field 00412nam a2200181 4500
005 - DATE AND TIME OF LATEST TRANSACTION
control field 20260213134542.0
008 - FIXED-LENGTH DATA ELEMENTS--GENERAL INFORMATION
fixed length control field CU66
020 ## - INTERNATIONAL STANDARD BOOK NUMBER
International Standard Book Number 0324318928
050 ## - LIBRARY OF CONGRESS CALL NUMBER
Classification number HF 5549 MAT
100 ## - MAIN ENTRY--PERSONAL NAME
Personal name MATHIS,L. ROBERT
245 ## - TITLE STATEMENT
Title HUMAN RESOURCE MANAGEMENT
250 ## - EDITION STATEMENT
Edition statement 10TH
260 ## - PUBLICATION, DISTRIBUTION, ETC.
Place of publication, distribution, etc. AUSTRALIA
Name of publisher, distributor, etc. THOMSON
Date of publication, distribution, etc. 2004
300 ## - PHYSICAL DESCRIPTION
Extent V,421p.,ILLUS.
500 ## - GENERAL NOTE
General note GLOSSARY,INDEX
700 ## - ADDED ENTRY--PERSONAL NAME
Personal name JACKSON,JOHN H.
942 ## - ADDED ENTRY ELEMENTS (KOHA)
Source of classification or shelving scheme Library of Congress Classification
Koha item type Books
Suppress in OPAC No
999 ## -
-- 8696
-- 8696
Holdings
Withdrawn status Lost status Source of classification or shelving scheme Damaged status Not for loan Home library Current library Shelving location Date acquired Total checkouts Full call number Barcode Date last seen Price effective from Koha item type
    Library of Congress Classification     Graduate Library (Christ Temple) Graduate Library (Christ Temple) General stacks 02/13/2026   HF5549MAT gsct00002399 02/13/2026 02/13/2026 Books
    Library of Congress Classification     Graduate Library (Christ Temple) Graduate Library (Christ Temple) General stacks 02/13/2026   HF5549MAT gsct00002400 02/13/2026 02/13/2026 Books
    Library of Congress Classification     Graduate Library (Christ Temple) Graduate Library (Christ Temple) General stacks 02/13/2026   HF5549MAT gsct00002401 02/13/2026 02/13/2026 Books
    Library of Congress Classification     Graduate Library (Christ Temple) Graduate Library (Christ Temple) General stacks 02/13/2026   HF5549MAT gsct00002402 02/13/2026 02/13/2026 Books
© 2023-2024 Copyright: Central University Libraries. All Rights Reserved | Created by: Mahone Tech Office